Aztatlán : (Record no. 120914)

MARC details
000 -CABECERA
campo de control de longitud fija 00782nam a2200217 a 4500
005 - FECHA Y HORA DE LA ÚLTIMA TRANSACCIÓN
campo de control 20210223130126.0
008 - ELEMENTOS DE LONGITUD FIJA--INFORMACIÓN GENERAL
campo de control de longitud fija 070122s1998 mx r 000 0 spa d
020 ## - NÚMERO INTERNACIONAL NORMALIZADO PARA LIBROS
Número Internacional Estándar del Libro 9682321646
035 ## - NÚMERO DE CONTROL DEL SISTEMA
Número de control de sistema UPN01000148773
049 ## - COLECCIÓN
Colección CG
050 #4 - SIGNATURA TOPOGRÁFICA DE LA BIBLIOTECA DEL CONGRESO
Número de clasificación F1219.1 S5.6
Número de documento/Ítem S2.2
100 1# - ASIENTO PRINCIPAL--NOMBRE PERSONAL
Nombre de persona Sauer, Carl Ortwin,
Fechas asociadas al nombre 1889-1975
9 (RLIN) 7103
245 10 - MENCIÓN DE TÍTULO
Título Aztatlán :
Resto del título frontera prehispánica mesoamericana en la costa del pacífico /
Mención de responsabilidad, etc. Carl Sauer ; recopilacion, tr. y pról. de Ignacio Guzmán Betancourt.
260 ## - PUBLICACIÓN, DISTRIBUCIÓN, ETC.
Lugar de publicación, distribución, etc. México :
Nombre del editor, distribuidor, etc. Siglo XXI,
Fecha de publicación, distribución, etc. 1998.
300 ## - DESCRIPCIÓN FÍSICA
Extensión 316 p., [10] h. de láms., 3 h. plegs. :
Otras características físicas il., mapas
440 #4 - MENCIÓN DE SERIE/ASIENTO SECUNDARIO--TÍTULO
Título Los once ríos
651 #4 - ASIENTO SECUNDARIO DE MATERIA - NOMBRE GEOGRAFICO
Nombre geográfico SINALOA -
Subdivisión general ANTIGUEDADES
9 (RLIN) 7110
651 #4 - ASIENTO SECUNDARIO DE MATERIA - NOMBRE GEOGRAFICO
Nombre geográfico NAYARIT -
Subdivisión general ANTIGUEDADES
9 (RLIN) 7109
600 #4 - ASIENTO SECUNDARIO DE MATERIA - NOMBRE PERSONAL
Nombre de persona SAUER, CARL ORTWIN,
Fechas asociadas al nombre 1889-1975
9 (RLIN) 7103
905 ## - TIPO DE MATERIAL
Tipo de material Libro
Holdings
Estado de retiro Estado de pérdida Fuente del sistema de clasificación o colocación Estado dañado No para préstamo Código de colección Localización permanente Ubicación/localización actual Ubicación en estantería Fecha de adquisición Total de préstamos Clasificación Código de barras Fecha visto por última vez Fecha del último préstamo Número de copia Tipo de ítem Koha
    Library of Congress Classification     Colección General Bib. Gregorio Torres Quintero Bib. Gregorio Torres Quintero Planta baja 16/08/2022 3 F1219.1 S5.6 S2.2 241476 17/08/2022 16/08/2022 1 Libro